[Event "EU-chT (Men) 12th"]
[Site "Batumi"]
[Date "1999.11.30"]
[Round "2.4"]
[White "Nevednichy, Vladislav"]
[Black "Kupreichik, Viktor D"]
[Result "1-0"]
[WhiteElo "2537"]
[BlackElo "2429"]
[Annotator "Oratovsky,M"]
[PlyCount "53"]
[EventDate "1999.11.06"]
[EventType "team-swiss"]
[EventRounds "9"]
[EventCountry "GEO"]
[SourceTitle "CBM 074"]
[Source "ChessBase"]
[SourceDate "2000.02.01"]
[SourceVersion "1"]
[SourceVersionDate "2000.02.01"]
[SourceQuality "1"]
[WhiteTeam "Romania"]
[BlackTeam "Belarus"]
[WhiteTeamCountry "ROU"]
[BlackTeamCountry "BLR"]

1. e4 c5 2. Nf3 Nc6 3. Bb5 Nf6 4. Nc3 g6 5. h3 {[ /\ e5 ]} Qc7 6. O-O Bg7 7.
Re1 O-O (7... e5 8. Bc4 O-O 9. d3 h6 10. Nh2 {[%csl Rc7,Gd5][%cal Gh2g4]} d6
11. Ng4 Nxg4 12. hxg4 Qd8 13. g3 Kh7 14. Kg2 $14 {[%csl Rh6][%cal Ge1h1] 1-0
Arnason,J-Nikcevic,N/Heraklio op 1993 (33)}) (7... a6 8. e5 $5 axb5 9. Nxb5 Qb6
10. Nd6+ $5 Kf8 11. exf6 Bxf6 12. Nc4 Qd8 13. d4 $5 {Although the Rh8 is out
of play the rest of Black's position is quite good he will have two bishops,
centre pawns, and queenside files. White must play for the initiative.} cxd4
14. Bh6+ Kg8 (14... Bg7 15. Bxg7+ Kxg7 16. Nxd4 $16) 15. Nce5 $44 {Hebden,
M-Summerscale,A/BCF-ch 1992/1-0 (53)}) 8. e5 Ne8 9. d4 cxd4 10. Nd5 Qd8 11. Bg5
f6 $6 (11... h6 12. Bh4 (12. Bxc6 $2 hxg5 (12... dxc6 $2 13. Nxe7+ Kh7 14. Bh4
{[%cal Re7g6]} Qb6 15. Nxc8 Rxc8 16. Qxd4 $16) 13. Ba4 (13. Nxg5 dxc6 14. Qxd4
{[%cal Gd4h4]} Bh6 $8 $19) 13... e6 14. Nb4 b5 15. Bxb5 Qa5 $19 {[%csl Rb4,Rb5]
}) 12... g5 (12... Kh7 $2 13. Bxc6 dxc6 14. Nxe7 $16) 13. Bxg5 hxg5 14. Nxg5
$40 Bh6 $8 15. Qh5 Kg7 16. Bd3 $44 {[%cal Rg5f7,Ge1e4,Ge4h4]}) 12. exf6 exf6
13. Bf4 f5 14. Qd2 d6 15. Rxe8 Qxe8 (15... Rxe8 16. Bg5 Qd7 17. Bc4 Kh8 18. Nf6
Qd8 19. Nxe8 (19. Nxh7 Qa5 20. Qf4 {[%cal Gf4h4]} Re4 $19) 19... Qxe8 20. Re1
Qf8 21. Bf4 {[%cal Gf3g5,Gg5f7]} h6 {[%tqu "En","","","","f4h6","",10]} 22.
Bxh6 $1 Bxh6 23. Re8 $1 Bxd2 24. Rxf8+ Kg7 25. Rf7+ Kh6 26. Nxd2 $16 {with
practically winning endgame}) 16. Nc7 Qd8 17. Bc4+ Kh8 18. Nxa8 Ne5 $2 {
losing by forse.Best defensive chanse was} (18... Bd7 19. Bxd6 Rf6 20. Bf4 ({
also good for white} 20. Be5 Nxe5 21. Nxe5 Be8 22. Re1 $16) ({or} 20. Ng5 Qxa8
21. Re1 $16) 20... Qxa8 21. Nxd4 $16) 19. Bd5 Bd7 20. Bxb7 Qb8 21. Bd5 Qxb2 22.
Re1 $18 Qb5 23. Nc7 Qc5 24. Nxe5 dxe5 25. Bxe5 Bxe5 26. Rxe5 Qxc7 27. Re7 {
[%cal Gd2h6]} 1-0

[Event "Salou op 06th"]
[Site "Salou"]
[Date "2004.06.18"]
[Round "?"]
[White "Oratovsky, Michael"]
[Black "Spasov, Vasil"]
[Result "1-0"]
[WhiteElo "2536"]
[BlackElo "2545"]
[Annotator "Oratovsky,M"]
[PlyCount "95"]
[EventDate "2004.06.10"]
[EventType "swiss"]
[EventRounds "9"]
[EventCountry "ESP"]
[SourceTitle "CBM 101"]
[Source "ChessBase"]
[SourceDate "2004.07.27"]
[SourceVersion "1"]
[SourceVersionDate "2004.07.27"]
[SourceQuality "1"]

1. e4 {[%mdl 28]} c5 2. Nc3 Nc6 3. Nf3 Nf6 4. Bb5 g6 5. Bxc6 dxc6 6. h3 {
There is no reason to be afraid of 6...c4. White has few good continuations
there. For example:} Bg7 (6... c4 7. Qe2 ({or} 7. d3 cxd3 8. cxd3 Bg7 9. O-O c5
10. Be3 b6 11. d4 $14 cxd4 12. Bxd4 $14 {[%cal Gd1e2,Gf1d1,Ga1c1]}) 7... b5 8.
b3 (8. a4 b4 9. Na2 {[%csl Rb4,Rc4]}) 8... Bg7 {[%cal Gb5b4]} 9. Bb2 cxb3 10.
axb3 $14) 7. d3 Nd7 {One of the most popular plans against white setup,
invented by WC Kramnik. Black wants to consolidate the centre after e5 and to
keep darksquare bishops from exchange playing h6 before the castle. But I
found here a new quite interesting plan for white.} 8. Be3 e5 9. Nd2 $5 $146 {
Now black's plan connected with Qe7 and Nd7-f8-e6 doesn't work due to Nc4 and
f4, so black should find here another way to develope his pieces.} Qe7 10. Nc4
O-O (10... Nf8 11. f4 exf4 12. Bxf4 Ne6 13. Nd6+ Kf8 14. Bg3 $16) 11. O-O (11.
a4 $5 Nb6 12. Na5 Be6) 11... Rd8 (11... b6 $5 {[%cal Gc8a6,Ga6c4]}) 12. Qd2 {
White should hurry up, otherwise black will get their knight on d4 very soon.}
Nf8 13. Bh6 f6 {After this move white gets clear play. Probably stronger was
to keep Bg7 in the game, anyway white has nothing better then to advance f2-
f4.} (13... Bh8 14. f4 exf4 15. Qxf4 (15. Bxf4 Ne6 16. Be5 f6 17. Bg3 Nd4 18.
Rae1 $14) 15... Ne6 16. Qg3 Nd4 17. Ne3 $14) 14. Bxg7 Kxg7 $6 {Another
inaccuracy, now black has no time to meet f4 with Be6.} (14... Qxg7 15. Ne2 $5
{[%cal Gd2c3,Gf2f4,Ya2a3,Yb2b4]} ({nothing promise imediate} 15. f4 Be6 16. Ne3
(16. b3 Bxc4 17. bxc4 Ne6 18. fxe5 fxe5 $11) 16... c4 17. f5 Bf7 (17... gxf5
18. Nxf5 Bxf5 19. Rxf5 cxd3 20. cxd3 Rd6 $132) 18. fxg6 hxg6 19. Ng4 Nh7 20.
Rf3 Be6 $13) 15... Be6 (15... Ne6 16. f4 $14) 16. Qc3 Nd7 17. f4 $14) 15. f4
exf4 16. Qxf4 Be6 (16... Ne6 17. Qh4 $36 {[%cal Ge4e5]}) 17. e5 $1 f5 ({
Too dangerous for black was to open all the central files after} 17... Nd7 18.
exf6+ Qxf6 19. Qc7 $1 (19. Qg3 Qd4+ 20. Kh1 Nf6 (20... Bxc4 21. Rf4 Qe5 22. Re1
$16) 21. Ne2 Qd7 22. Qe5 $16 {[%cal Ge5f6,Ge5c5]}) 19... Qd4+ 20. Kh1 Bxc4 21.
dxc4 Qe5 22. Qxb7 Rab8 23. Qxa7 Rxb2 24. Rad1 $18) 18. Nd6 b6 19. g4 $1 {
Getting access to the f6 square.} fxg4 20. hxg4 (20. Nce4 $6 gxh3) 20... Nd7
21. Nce4 $1 (21. g5 {[%cal Gf4f6]} Kh8 $1 22. Nce4 Bg8 $132 {[%csl Re5]}) 21...
Bd5 (21... Rf8 22. Qg5 Qxg5 23. Nxg5 Bxg4 24. e6 Rxf1+ 25. Rxf1 Nf6 26. e7 Bd7
27. Nge4 Nxe4 28. dxe4 $18 {[%cal Ge4e5,Ge5e6]}) (21... Kh8 22. Rae1 (22. Nf6
$2 Nxe5 $1 {[%csl Rd6]}) 22... Rf8 23. Qg5 $1 (23. Nf6 {[%cal Gg4g5]} Bxg4 $1
24. Qxg4 Nxf6) 23... Rxf1+ 24. Rxf1 Qg7 25. Nf6 Rf8 26. Rf2 $1 Nxf6 27. exf6
Qd7 28. Qe5 Kg8 29. Rf4 $22 {[%cal Gf4e4]} Bf7 30. Qe7 $18) 22. Qf6+ Qxf6 23.
exf6+ Kg8 (23... Kf8 24. g5) 24. Rae1 Ne5 25. g5 Kf8 (25... Rd7 26. f7+ {
[%cal Ge4f6]}) 26. Kh2 $1 {[%csl Re5][%cal Gh2g3,Gg3f4] Covering f3 and g4
squares from future tricks.} Rd7 27. Kg3 Rad8 28. b3 {[%cal Gg3f4]} Nf7 29.
Nxf7 Bxf7 30. Nc3 $6 $138 {After a few moves I found a correct plan - to
transfer the N to f3.} (30. Nd2 {[%cal Gd2f3,Gf3e5]} Bd5 $8 31. Re5 {[%cal
Gf1e1,Ge5e7]}) 30... b5 31. Rd1 (31. Ne4 c4 32. dxc4 bxc4 33. b4 $16) 31... Be6
32. Rde1 Bf5 33. Ne4 Rd5 (33... c4 34. Nc5 Rd5 35. Rxf5 Rxf5 36. Ne6+ Ke8 37.
Ng7+ Kf8 38. Nxf5 gxf5 39. Kf4 $18) 34. Nc3 R5d7 35. Ne4 Rd5 36. Nd2 $1 {
[%cal Gd2f3,Gf3e5]} Rd4 37. Rf4 (37. Nf3 $142 $1 Rg4+ 38. Kf2 c4 39. Rh1) 37...
h6 38. gxh6 Kf7 39. Rxd4 Rxd4 (39... cxd4 40. Re7+ Kxf6 41. Rxa7 Rh8 42. Nf3
Rxh6 43. Ra6 $18) 40. h7 $1 $18 {The time control is passed, so the rest is a
matter of technique.} Rg4+ 41. Kf2 Rh4 42. Nf3 Rh5 43. Ng5+ Kxf6 44. Re8 c4 45.
h8=Q+ Rxh8 46. Rxh8 cxd3 47. Nf3 dxc2 48. Rh1 1-0

[Event "North Sea Cup 18th"]
[Site "Esbjerg"]
[Date "2003.07.10"]
[Round "7"]
[White "McShane, Luke J"]
[Black "Schandorff, Lars"]
[Result "1-0"]
[WhiteElo "2592"]
[BlackElo "2563"]
[Annotator "Postny,E"]
[PlyCount "73"]
[EventDate "2003.06.04"]
[EventType "tourn"]
[EventRounds "9"]
[EventCountry "DEN"]
[EventCategory "15"]
[SourceTitle "CBM 096"]
[Source "ChessBase"]
[SourceDate "2003.09.25"]
[SourceVersion "1"]
[SourceVersionDate "2003.09.25"]
[SourceQuality "1"]

1. e4 c5 2. Nf3 Nc6 3. Bb5 g6 4. Bxc6 dxc6 5. d3 Bg7 6. h3 Nf6 7. Nc3 Nd7 8.
Be3 e5 9. Qd2 h6 10. h4 {Very rare continuation. Usually white plays castling
or 10.Nh4/\f2-f4. In some cases there are transpositions possible. Here are
few recent examples:} (10. O-O Qe7 11. a3 Nf8 12. b4 Ne6 13. bxc5 (13. Na4 b6
14. Nh2 f5 15. f3 f4 16. Bf2 h5 17. bxc5 b5 18. Nb2 g5 $15 {0-1 Ponomariov,
R-Kramnik,V/XX SuperGM, Linares ESP 2003 (40)}) 13... Nxc5 14. Rfe1 Ne6 15. Ne2
h5 16. a4 O-O 17. Bh6 Bxh6 18. Qxh6 Qf6 19. a5 Bd7 20. Reb1 Rab8 21. Qd2 $14 {
1-0 Spasov,V-Smirnov,P/Istanbul 2003/CBM96_01 (54)}) (10. O-O-O Qe7 11. Nh2 Nf8
12. f4 exf4 13. Bxf4 Ne6 14. Be3 b5 15. Nf3 Nd4 16. Qf2 Ne6 17. e5 O-O 18. Ne4
$16 {1-0 Miroshnichenko,E-Calistri,T/Paris 2001/CBM 83 ext (41)}) (10. Nh2 Qe7
11. O-O Nf8 12. f4 exf4 13. Rxf4 {- see the commented game Pikula,D-Kovacevic,
A/Banja Koviljaca 2002/CBM 89 [Postny]}) 10... f5 $146 (10... Qe7 11. h5 g5 12.
Ne2 Nf8 13. Ng3 Bg4 14. Qc3 Nd7 15. Nd2 O-O 16. a4 a5 17. Qa3 b6 18. f3 Be6 19.
Nf5 Bxf5 20. exf5 Nf6 21. Ne4 Qd7 22. g4 Nxe4 23. fxe4 $14 {1-0 Grund,H-Jelen,
I/Charleville 2000/CBM 79 ext (67)}) (10... h5 11. Ng5 Qe7 12. f3 Nf8 13. Ne2
b6 14. O-O-O Ne6 15. Kb1 a5 16. Nxe6 Bxe6 17. Qc3 O-O-O 18. Rdg1 Kb7 19. Nc1 a4
20. Bg5 f6 21. Be3 Ra8 22. Qd2 f5 23. g3 {1/2-1/2 Bologan,V-Malakhov,V/TCh-RUS,
Togliatti RUS 2003 (23)}) 11. exf5 gxf5 12. g3 ({Possible was} 12. Qe2) 12...
Qf6 13. Ng1 Nf8 $6 ({A safer way of development would have been} 13... b6 14.
f4 Ba6) 14. f4 (14. Bxc5 $6 Ne6 $44) 14... Ne6 (14... exf4 $5 15. Bxf4 Be6) 15.
fxe5 Qxe5 16. O-O-O Qxg3 {Black is making too many moves with his queen and
will soon find himself far behind in development. The pawn g3 is not
particularly important here. Moreover, white gets an open "g" file for the
attack.} (16... Bd7 17. Re1 O-O-O $5 18. Bg5 hxg5 19. Rxe5 Bxe5 {with some
compensation for the queen.}) 17. Re1 Qd6 $6 {It looks like, black forgot
about the development.} (17... Bd7 $142) 18. Bf4 {Now black is in serious
trouble, since his development is not completed and the king is stuck in the
centre.} Qe7 (18... Bxc3 19. bxc3 Qd5 {[%csl Ra2,Rh1]} 20. Nh3 Qxa2 21. Qg2 Kd8
22. Qg6 Re8 23. Qf6+ Kd7 24. Rhg1 {with a devastating attack.}) 19. Nf3 Bd7 20.
Ne5 Bxe5 (20... Qf6 21. Nc4 {[%csl Rd6]}) 21. Bxe5 Rh7 {[%tqu "En","How should
white continue?","","","e5c7","Strong move, preventing black's queenside
castling.",10]} 22. Bc7 $1 {[%mdl 128] Strong move, preventing black's
queenside castling.} Kf7 23. Qf2 Kg8 24. Rhg1+ Rg7 25. Be5 Rg4 26. Ne4 $1 {
[%mdl 2048] White's last piece joins the attack. Black's position is
undefendable.} Rf8 27. Bd6 Qf7 28. Bxf8 Nxf8 29. Nf6+ Qxf6 30. Rxg4+ {Black
could already resign. White has a big material advantage and a strong attack
as well.} Kh7 31. Reg1 Ne6 32. Rg6 Qxg6 33. Rxg6 Kxg6 34. Qg3+ Kf7 35. Qd6 Be8
36. Qe5 f4 37. Qh5+ {Nice attacking game by McShane.} 1-0

[Event "EU-ch 4th"]
[Site "Istanbul"]
[Date "2003.06.12"]
[Round "12"]
[White "Asmundsson, Ingvar"]
[Black "San Segundo Carrillo, Pablo"]
[Result "1-0"]
[WhiteElo "2327"]
[BlackElo "2515"]
[Annotator "Postny,E"]
[PlyCount "101"]
[EventDate "2003.05.30"]
[EventType "swiss"]
[EventRounds "13"]
[EventCountry "TUR"]
[SourceTitle "CBM 096"]
[Source "ChessBase"]
[SourceDate "2003.09.25"]
[SourceVersion "1"]
[SourceVersionDate "2003.09.25"]
[SourceQuality "1"]

1. e4 c5 2. Nf3 Nc6 3. Bb5 g6 4. O-O Bg7 5. Re1 Nf6 6. Nc3 O-O 7. e5 Ne8 8.
Bxc6 dxc6 9. h3 (9. d3 Nc7 (9... Bg4 10. h3 Bxf3 11. Qxf3 Nc7 12. Re4 Ne6 13.
Ne2 Qd5 14. Qg3 f5 15. exf6 exf6 16. Nf4 Nxf4 17. Bxf4 Rfe8 $11 {1/2-1/2
Galego,L-Sutovsky,E/Benasque 1996/CBM 53 ext (34)}) 10. h3 (10. Be3 {- see the
game Peng Xiaomin-Bu Xiangzhi/Shenyang 1999/CBM 73 [Gershon]}) 10... Ne6 11.
Ne4 b6 (11... f5 12. exf6 exf6 13. Rb1 b6 14. b3 a5 15. a4 Ra7 16. Bb2 Re7 $11
{Adams,M-Kramnik,V/Las Vegas 1999}) 12. Neg5 (12. Bd2 Nd4 13. Nxd4 cxd4 14. Bf4
Qd5 15. Nd2 c5 $11 {1-0 Damljanovic,B-Matamoros Franco,C/Istanbul 2000/EXT
2001 (72)}) 12... Nd4 13. Nxd4 cxd4 14. Re4 f6 15. exf6 exf6 16. Ne6 Bxe6 17.
Rxe6 Qd7 18. Re2 Rfe8 $11 {1/2-1/2 Galego,L-Baklan,V/Panormo 2001 (29)}) 9...
Nc7 10. b3 {A rare way of development.} ({The main line is} 10. d3 {- see 9.d3.
}) 10... Ne6 11. Bb2 Qc7 (11... b6 12. d3 a5 13. a4 Ra7 14. Ne4 Nd4 15. Ned2
Be6 16. Nc4 Rd7 $11 {1/2-1/2 Kraut,R-Christiansen,L/Germany 1997/GER-chT (50)})
(11... Nd4 12. Ne4 b6 13. d3 h6 14. a4 a5 15. Ned2 Ra7 16. Nc4 Be6 17. Nxd4
cxd4 18. Qf3 Bd5 19. Qg3 Kh7 20. Re2 Rd7 $11 {1-0 Kraut,R-Gschnitzer,O/Germany
1994/GER-chT2 (56)}) 12. Ne4 $146 (12. d3 Rd8 13. Ne4 $11 {0-1 Broberg,H-Ossig,
R/Germany 1996/EXT 98 (43)}) 12... h6 13. Qe2 b6 14. Qe3 Bd7 15. c3 {White
refrained from playing d2-d3 for several moves in favour of the plan with
direct d2-d4. On the other hand, the position is equal in any case.} f5 {
Black correctly opening files for his bishops, using the fact, that white is
forced to take "en passant".} 16. exf6 exf6 17. d4 Rfe8 (17... f5 18. Ned2 cxd4
19. cxd4 Nf4 {[%csl Gd5][%cal Yf4d5]} 20. Ne5 {and white's prospects are
preferable due to black's pawn weaknesses.}) 18. dxc5 Nxc5 19. Qd4 Nxe4 20.
Rxe4 f5 $6 {A bit too optimistic.} 21. Qc4+ Kh7 22. Rh4 $1 {[%cal Gf3g5]} Rf8
$4 {[%mdl 8192] I guess, that many of the readers will be grateful to this
blunder, since it allows spectacular combination...} (22... Qd8 23. Rd1 b5 24.
Qf4 $36 (24. Qf7 $2 Be6)) 23. Ng5+ Kh8 {[%tqu "En","Please enter a move for
white.","","","h4h6","",10]} 24. Rxh6+ $3 Bxh6 25. Qh4 Kg7 26. c4+ {[%csl Gb2]
The point of the combination.} Rf6 27. Bxf6+ $6 {After this inaccuracy the
game is becoming longer, than expected.} (27. Nf7 $1 {could force black's
immediate resignation.}) 27... Kxf6 28. Ne6+ $1 Kxe6 29. Re1+ Qe5 $8 (29... Kf7
30. Re7+ {with quick mate.}) 30. Rxe5+ Kxe5 31. Qxh6 {Black's position is
totally lost, but he is continuing fighting...} Be8 32. Qg7+ Ke6 33. Qb7 {
Winning another pawn on the queenside.} Rd8 34. Qxa7 b5 35. Qe3+ Kf7 36. a4
bxa4 37. bxa4 {[%csl Ga4]} Ra8 38. Qb3 Ra7 39. c5+ Ke7 40. Qb4 Bd7 41. a5 Ra6
42. h4 Bc8 43. Qd2 Be6 44. Qd6+ Kf7 45. Qc7+ Kf6 46. Qd8+ Kf7 47. Kh2 {White
realized, that it will be hard to win without a king...} Bd5 48. Kg3 f4+ 49.
Kxf4 Bxg2 50. Ke5 Kg7 51. Qc7+ 1-0

[Event "YUG-ch 57th"]
[Site "Banja Koviljaca"]
[Date "2002.03.20"]
[Round "5"]
[White "Pikula, Dejan"]
[Black "Kovacevic, Aleksandar"]
[Result "1-0"]
[WhiteElo "2466"]
[BlackElo "2549"]
[Annotator "Postny,E"]
[PlyCount "70"]
[EventDate "2002.03.16"]
[EventType "tourn"]
[EventRounds "13"]
[EventCountry "YUG"]
[EventCategory "10"]
[SourceTitle "CBM 089"]
[Source "ChessBase"]
[SourceDate "2002.08.12"]
[SourceVersion "1"]
[SourceVersionDate "2002.08.12"]
[SourceQuality "1"]

1. e4 c5 2. Nf3 Nc6 3. Bb5 g6 4. Bxc6 dxc6 5. d3 Bg7 6. h3 Nf6 {Also
frequently appears in practice 6...e5.} 7. Nc3 Nd7 ({Other main line is} 7...
O-O) 8. Be3 e5 9. Qd2 {This moves order seems to be the most flexible for
white, since it keeps the possibility of castling to both sides.} h6 {Black is
preventing the manoeuvre Be3-h6. The question is "is it really a threat?".
Other popular continuation here is 9...Qe7.} 10. Nh2 $5 {White is preparing
f2-f4 push.} (10. O-O-O Qa5 11. Kb1 Nf8 12. Ne2 Qxd2 13. Nxd2 Ne6 $11 {1/2-1/2
Kofidis,A-Tzermiadianos,A/GRE 1994/CBM 41 ext (27)}) 10... Qe7 11. O-O Nf8 12.
f4 exf4 13. Rxf4 Ne6 {Black is intending to put his N in the centre, and then
to develope his queenside.} ({Less ambitious, but probably more solid is:} 
13... Be6 {- see the game Rublevsky,S-Vokarev,S/RUS-chT Azov 1996/CBM 56 
[Makarichev]}) 14. Rf2 Nd4 15. Raf1 Be6 16. b3 $146 {Preventing from black to
play c5-c4 somewhere, but wasting time.} ({Probably stronger is} 16. Ng4 Bxg4 (
16... f5 $142) 17. hxg4 f6 18. b4 O-O-O 19. Ne2 Nxe2+ 20. Rxe2 cxb4 21. Bxa7
$36 {[%csl Rg7] 1-0 Palac,M-Loncar,R/Zadar 2001/CBM 85 ext (46)}) 16... O-O-O {
Now it can be concluded, that black solved the opening problems.} 17. Nf3 (17.
Ne2 $5) 17... b6 ({An immideate} 17... f5 {was also possible.}) 18. Ne2 f5 19.
Bxd4 {Right choice. The white B has no good prospects anyway.} cxd4 20. exf5
Bxf5 21. Ng3 {The position is about equal. White's NN are not worse, than
black pair of BB.} Be6 {[%csl Gd5][%cal Ye6d5]} ({Also comes into consideration
} 21... Rhf8) 22. Re2 Rhe8 23. Qe1 $1 {The best place for the white Q.} Qd6 $2
{It's interesting, that in this position, one careless queen move is enough to
get a lost position...} (23... Qd7 24. Ne5 Bxe5 25. Rxe5 Bd5 $11) 24. Nh4 $1 {
[%mdl 2048] Now white is winning a pawn by force.} Bd7 25. Ne4 Qe6 26. Qg3 {
[%cal Ge4d6] Double threat brings white full pawn.} Be5 27. Qxg6 Qd5 28. Kh1 $6
{There was no good reason to refrain from the capture of Ph6.} (28. Qxh6 Rh8
29. Qg5 Rh5 $5 (29... Rdg8 30. Ng6) 30. Nf5 $1 (30. Qxh5 $2 Bh2+ {[%csl Rh5]
[%cal Gd5h5]}) 30... Rxg5 31. Ne7+ Kb8 32. Nxd5 $16) 28... Bc7 (28... Re6 $142
29. Qf7 Kb8) 29. Nf5 Kb8 $6 ({Better chance for black was:} 29... Rf8 30. Nf6 (
30. Ne7+ $2 {is falling into the trap:} Kb7 31. Rxf8 Rxf8 {[%csl Rh1][%cal
Gf8f1]}) 30... Bxf5 31. Qxf5+ Qxf5 32. Rxf5) 30. Nf6 $18 Bxf5 {[%tqu "En","How
should white continue?","","","g6e8","The point of white's previous move.",5]}
31. Qxe8 $1 {The point of white's previous move.} Qd6 32. Qe5 {This move
should have been seen before white's playing 30.Nf6.} Qxe5 33. Rxe5 Bd7 $6 ({
The endgame after} 33... Bxe5 34. Rxf5 {is lost, but this was the only
acceptable choice for black.}) 34. Nxd7+ Rxd7 35. Re8+ Kb7 1-0

[Event "Cogas Energie m"]
[Site "Almelo"]
[Date "2004.04.10"]
[Round "4"]
[White "Timman, Jan H"]
[Black "Van Wely, Loek"]
[Result "0-1"]
[WhiteElo "2578"]
[BlackElo "2617"]
[Annotator "Postny,E"]
[PlyCount "94"]
[EventDate "2004.04.08"]
[EventType "match"]
[EventRounds "4"]
[EventCountry "NED"]
[SourceTitle "CBM 101"]
[Source "ChessBase"]
[SourceDate "2004.07.27"]
[SourceVersion "1"]
[SourceVersionDate "2004.07.27"]
[SourceQuality "1"]

1. e4 c5 2. Nf3 Nc6 3. Bb5 {Timman avoides the main lines of B33, where Van
Wely is one of the biggest experts.} g6 4. O-O ({The main alternative is} 4.
Bxc6) 4... Bg7 5. Re1 Nf6 ({Another popular theoretical line goes with} 5... e5
) 6. e5 ({More popular line is} 6. c3 {[%cal Gd2d4]}) 6... Nd5 7. Nc3 Nc7 8.
Bxc6 dxc6 9. Ne4 Ne6 10. d3 O-O (10... h6 11. Be3 b6 {--> 0-1 Lederer,
Y-Mikhalevski,V/Israel 2003/CBM 94 [Mikhalevski,V] (42)}) 11. Be3 b6 12. Qd2 f5
{This move is probably stronger than the common alternative 12...Nd4. Forcing
white to capture "en passant", black gets some space on the kingside.} (12...
Nd4 {--> 1-0 Benjamin,J-Ni Hua/Shanghai 2002/CBM 91 [Rabinovich,Al] (32)}) 13.
exf6 exf6 14. c3 $6 $146 {This is rather unsuccessful idea.White seriously
weakens Pd3, while the idea of pushing d3-d4 is not really sound.} ({The main
and the best continuation is} 14. Bh6 a5 15. Bxg7 Kxg7 16. Qc3 (16. Re2 Ra7 17.
Rae1 Raf7 18. h4 h5 19. b3 Qc7 20. Ng3 Nd4 21. Nxd4 cxd4 $11 {1/2-1/2 Kramnik,
V-Kasparov,G/Moscow 1996/CBM 52 ext (29)}) (16. Ng3 {--> 1/2-1/2 Timman,
J-Lautier,J/Pamplona 1999/CBM 75 [Gershon] (30)}) 16... Ra7 17. a3 a4 18. b4
axb3 19. Qxb3 Nf4 20. Rab1 Ra6 $132 {1/2-1/2 Lutz,C-Khalifman,A/New Delhi/
Teheran 2000/CBM 80 (33)}) 14... Ba6 {[%csl Rd3]} 15. Rad1 Qc7 16. Bh6 ({
More consequent was} 16. d4 Rad8 17. Qc2 cxd4 18. Nxd4 {striving for exchanges
and equality.}) 16... Rad8 17. Bxg7 Kxg7 ({Of course not} 17... Rxd3 $4 18.
Qxd3 Bxd3 19. Bxf8 $18) 18. Qc2 Nf4 19. c4 {Practically forced. It's clear now
that the white's idea 14.c3 has failed and he is fighting for an equality.} (
19. d4 $6 cxd4 20. cxd4 (20. Nxd4 $2 c5 $17 {[%csl Rd3]}) 20... Rfe8 $15) 19...
Bc8 {After c4 the bishop has nothing to do on a6, so black is transfering it
to a better pastures and, actually try to get rid of it...} 20. Re3 ({Comes to
consideration} 20. h3 {covering the g4 square.}) 20... Bg4 21. Rde1 Bxf3 22.
Rxf3 Ne6 {[%csl Gd4] Black has small, but stable advantage thanks to weakness
of Pd3 and d4 stronghold.} 23. Qd2 Nd4 24. Rfe3 Nf5 25. Rh3 h5 26. Ng3 Nh6 $1 {
Van Wely clearly indicates, that he is not in the mood to repeat moves...} 27.
Re4 Rfe8 28. Qe2 Qf7 29. Nf1 Nf5 30. Nd2 Qd7 31. Kf1 {White has no clear plan
and can only obtain a waiting strategy.} Rxe4 32. Nxe4 Re8 33. Qc2 Re6 34. Qc1
Qc7 35. Qd2 Qe5 36. Ng3 Nh6 {Again, black correctly avoids the exchange of
knights.} 37. f4 Qd4 38. f5 $2 {This active move is a decisive mistake.} ({
Necessary was} 38. Ne2 Qd7 39. Re3 {keeping worse, but defendable position.})
38... Re5 39. fxg6 Ng4 $1 {Decisive invasion.} 40. Nxh5+ Kxg6 41. Nf4+ Kf7 {
[%cal Rg4e3] Black's attack is irresistible. White's extra pawn does not help
him and he is actually in zugzwang now.} 42. g3 {Now black wins a queen by
force.} Ne3+ 43. Kg1 Nxc4+ 44. Qf2 Re1+ 45. Kg2 Ne3+ 46. Kf3 Rf1 47. Rh7+ Kg8
0-1